000 01751nam0a2200337 4500
001 RU\NLR\BIBL_A\016293578
005 20230323110831.0
010 _a978-5-7681-1606-4
_9200
021 _aRU
_bКН-П-23-001944
_9КН-П-23-0176
035 _a(NLR Aleph) 016293578
035 _a(RuMoRGB)011529671
090 _a12951971
_c12951971
100 _a20230220d2022 u y0rusy50 ca
101 0 _arus
102 _aRU
105 _ay j 000zy
181 0 _ai4
_baxxe
182 0 _an
200 1 _aПенитенциарная криминология
_iОсобенная часть
_eучебное пособие
_eпо направлению подготовки (специальности) 40.05.02 "Правоохранительная деятельность"
_fЕ. А. Локтионова
_gМинобрнауки России, Юго-Западный государственный университет
203 _aТекст
_bвизуальный
_cнепосредственный
210 _aКурск
_cЮЗГУ
_d2022
215 _a111 с.
_d20
320 _aБиблиогр.: с. 106-111 (48 назв.) и в подстроч. примеч.
606 1 _aИсправительные учреждения
_xПреступность
_xКриминологические исследования
_yРоссийская Федерация
_jУчебные издания для высших учебных заведений
_2nlr_sh2
_3RU\NLR\AUTH\661543751
686 1 _aХ628.402я73
686 1 _aХ628.3я73
700 1 _aЛоктионова
_bЕ. А.
_gЕлена Александровна
942 _cBOOK
980 _aNB